De Nairobi a Beijing: diagnósticos y propuestas
Збережено в:
| Автори: | , , , , , , |
|---|---|
| Інші автори: | , |
| Формат: | Книга |
| Мова: | Іспанська |
| Опубліковано: |
Santiago
Isis Internacional
1995
|
| Серія: | Ediciones de las Mujeres, 21
|
| Предмети: | |
| Теги: |
Додати тег
Немає тегів, Будьте першим, хто поставить тег для цього запису!
|
MARC
| LEADER | 00000nam a2200000 a 4500 | ||
|---|---|---|---|
| 001 | UCZ1841 | ||
| 003 | CL-VaPUC | ||
| 008 | 950914e19950000CL |||||||||||||||||spa|d | ||
| 082 | 0 | 4 | |a 304.5 |b ACO |2 21 |
| 100 | 0 | |a Acosta, Gladys |e author |9 345476 | |
| 700 | 0 | |a Arriagada, Irma |e author |9 345477 | |
| 700 | 0 | |a Astelarra, Judith |e author |9 345478 | |
| 700 | 0 | |a Bareiro, Line |e author |9 345479 | |
| 700 | 0 | |a Birgin, Haydée |e author |9 345480 | |
| 700 | 0 | |a Chejter, Silvia |e author |9 345481 | |
| 700 | |a Luna, Lola G. |e autora |9 345482 | ||
| 700 | |a Molina García, Natacha |e autora |9 330174 | ||
| 700 | 0 | |a Ramos, Silvina |e author |9 345484 | |
| 245 | 1 | 0 | |a De Nairobi a Beijing: diagnósticos y propuestas |
| 300 | |a 172 p | ||
| 942 | |c BK | ||
| 945 | |d 19950914 00:00:00 |a rbrito | ||
| 260 | |a Santiago |b Isis Internacional |c 1995 | ||
| 650 | 0 | |a Mujeres |9 257649 | |
| 650 | 0 | |a Derechos de la mujer |9 257074 | |
| 650 | 0 | |a Violencia intrafamiliar |9 312986 | |
| 650 | 0 | |a Democracia |9 255256 | |
| 583 | |a last modification |c 19950914 00:00:00 |k Rodrigo Vera | ||
| 490 | 0 | |a Ediciones de las Mujeres, 21 | |
| 999 | |c 238526 |d 238524 | ||
| 952 | |0 0 |1 0 |4 0 |6 304_500000000000000_ACO_1995 |7 0 |8 A |9 248771 |a BIBGIM |b BIBGIM |d 2019-11-18 |i 3130991 |o 304.5 ACO 1995 |p 3130991 |r 2025-01-15 |w 2019-11-18 |y BK |k SSL | ||